000 00673nam a2200181Ia 4500
008 100920s9999 xx 000 0 und d
082 _b70545
_a891.43 थ 98
100 _aव्दिवेदी हजारीप्रसाद.
245 _aपरम्परा की आधुनिकता :.
260 _bपूर्वोदय प्रकाशन, दिल्ली.
_c1998
300 _a212
_bसाधी
365 _b220
520 _aहिंदी.
630 _aपरम्परा की आधुनिकता :.
650 _aहिंदी.
730 _aपरम्परा की आधुनिकता :.
942 _cBOOK
999 _c712547
_d712544